000 00468nam a22001817a 4500
999 _c3222
_d3222
005 20231108081511.0
008 231108b ||||| |||| 00| 0 eng d
020 _a9787513724258
040 _cKH8
082 _a495.186 YE
100 _aYe Quanjun
_eAuthor
245 _aOne Lesson One Practice
_bBook 1 /
_cYe Quanjun
260 _bChina Peace Publishing House
_c2023
300 _a72 pages
_b 30cm.
650 _achinese
650 _atextbook
942 _2ddc
_cTR